000 01100cam a2200361 i 4500
001 0000527
003 DO-SdBNP
005 20180209115548.0
007 0000527
008 100514s 2000 sp | |||| 000 f spa
015 _a
017 _a
_b
020 _a8495060140
035 _a
040 _aBPMSU
_bspa
_cBPMSU
_e
080 _a
082 4 _a843.8
_b V531fa
100 1 _aVerne, Julio,
_d1828-1905
240 _aLe phase du bout du monde
_lEspañol
245 1 3 _aEl faro del fin del mundo
_h
_cJulio Verne ; ilustraciónes Georges Roux
260 _aPozuelo de Alarcón, Madrid :
_bEdiciones Rueda J. M.,
_c2000.
300 _a168 p.:
_bil.
_c25 cm
490 1 _aViajes extraordinarios
500 _aTítulo original en francés: Le phase du bout du monde
650 4 _aNOVELA JUVENIL FRANCESA
650 4 _aLITERATURA JUVENIL FRANCESA
700 1 2 _aRoux, Georges
_eil.
830 0 _aViajes extraordinarios
910 _aValidado. Control de calidad MFF
942 _2ddc
_cBK
945 _aInventariado extranjero / 2018 VM
956 _aYLOCKWARD
_810
_cBPMSU
999 _c10820
_d10820